Cromoterapia : aplicaciones y tratamientos (Registro nro. 7982)
[ vista simple ]
| 000 -CABECERA | |
|---|---|
| campo de control de longitud fija | 00511nam a22001937a 4500 |
| 005 - FECHA Y HORA DE ACTUALIZACIÓN | |
| campo de control | 20160419100453.0 |
| 008 - LONGITUD FIJA | |
| campo de control de longitud fija | 160419b xxu||||| |||| 00| 0 spa d |
| 020 ## - INTERNATIONAL STANDARD BOOK NUMBER | |
| Número Internacional Estándar del Libro | 9789972233302 |
| 041 ## - IDIOMA | |
| Código de idioma del texto/pista de sonido o título separado | |
| 082 ## - CLASIFICACIÓN DECIMAL DEWEY | |
| Número de clasificación | 131.3 |
| Número de documento/Ítem | C945c |
| 245 ## - TÍTULO PROPIAMENTE DICHO | |
| Título | Cromoterapia : aplicaciones y tratamientos |
| 260 ## - PIE DE IMPRENTA | |
| Lugar de publicación, distribución, etc. | Perú |
| Nombre del editor, distribuidor, etc. | Mirbet |
| Fecha de publicación, distribución, etc. | 2012 |
| 300 ## - DESCRIPCIÓN FÍSICA | |
| Extensión | 135 páginas |
| 650 ## - Materia General | |
| Materia general | CROMOTERAPIA |
| 650 ## - Materia General | |
| Materia general | COLOR |
| 650 ## - Materia General | |
| Materia general | TÉCNICA EMPLEADAS |
| 650 ## - Materia General | |
| Materia general | TRATAMIENTOS CREMATICOS |
| 942 ## - Punto de Acceso Adicional Koha | |
| Tipo de ítem Koha | Libro |
| Estado perdido | Estado dañado | No para préstamo | Biblioteca permanente | Biblioteca actual | Signatura completa | Código de barras | Precio efectivo a partir del | Tipo de ítem |
|---|---|---|---|---|---|---|---|---|
| Departamento de Biblioteca y Documentación Alfonso Chase Brenes | Departamento de Biblioteca y Documentación Alfonso Chase Brenes | 131.3 C945c | 20989 | 19/04/2016 | Libro |